Normal view
MARC view
- siyahat series
Entry Uniform Title
001 - CONTROL NUMBER
- control field: 5294
003 - CONTROL NUMBER IDENTIFIER
- control field: NUST
005 - DATE AND TIME OF LATEST TRANSACTION
- control field: 20171006105836.0
008 - FIXED-LENGTH DATA ELEMENTS
- fixed length control field: 171006|| aca||aabn | a|a d
040 ## - CATALOGING SOURCE
- Original cataloging agency: NUST
- Transcribing agency: NUST
130 ## - HEADING--UNIFORM TITLE
- Uniform title: siyahat series
670 ## - SOURCE DATA FOUND
- Source citation: Work cat.: (NUST): Shaheen, Muhammad Pervaish 5293, Wadi e Chitral:, 2007
